01009nam a22002657a 4500008003900000020002500039020002800064020002800092040005600120041000800176060001700184245007400201246004400275250001100319260006200330300007600392504005300468650001700521650003500538650005300573700002200626700003100648700003200679700003200711130821s2013 xxuado fr 1 eng a0323033067 (5a. Ed.) a9780323033060 (6a. Ed.) a9780323075862 (6a. Ed.) aCo-BoUCMbspacJose A. Gerena (modificó)d[Nuevo]00aeng10aWL 140bN49200aNeurological rehabilitationceditado por Darcy A. Umphred...[y otros]21aUmprhere´s Neurological rehabilitation a6th Ed aSan Luis (Missouri, Estados Unidos)bMosby Elsevierc2013 axvii, 1262 páginasbilustraciones, cuadros, gráficas, fotografías aIncluye referencias bibliográficas e índices07aNeurología07aSistema nerviosoxEnfermedades07aSistema nerviosoxEnfermedadesxRehabilitación1 aBurton, Gordon U.1 aLazaro, Rolando T.eeditor1 aRoller, Margaret L.eeditor1 aUmphred, Darcy Ann.eeditor